|
|
|
|
| LEADER |
00859nab a2200205 i 4500 |
| 001 |
misc27904 |
| 005 |
20191111110255.0 |
| 008 |
170916s1988 hu o 0|| zxx d |
| 040 |
|
|
|a SZTE Miscellanea Repozitórium
|b hun
|
| 041 |
|
|
|a zxx
|
| 100 |
1 |
|
|a Bernáth Gábor
|
| 245 |
1 |
0 |
|a Stereochemical studies, 125. Saturated heterocycles, 126.
|h [elektronikus dokumentum] :
|b preparation of norbornane/norbornene-fused 4,1-oxazepin-2-ones /
|c Bernáth Gábor
|
| 260 |
|
|
|c 1988
|
| 300 |
|
|
|a 671-674
|
| 490 |
0 |
|
|a Kolligátum
|
| 695 |
|
|
|a Heterociklusos vegyületek - szintézis, Szerves kémia - reakciómechanizmus, Sztereokémia, Mágneses magrezonancia - színképelemzés
|
| 700 |
0 |
1 |
|a Stájer Géza
|e aut
|
| 700 |
0 |
2 |
|a Szőke-Molnár Zsolt
|e aut
|
| 700 |
0 |
2 |
|a Szabó E. Angela
|e aut
|
| 856 |
4 |
0 |
|u http://misc.bibl.u-szeged.hu/27904/1/018_019_027-030.pdf
|z Dokumentum-elérés
|